| 000 | 00500pam a2200181 a 4500 | ||
|---|---|---|---|
| 020 | _a0801833043 | ||
| 020 | _a0801833051 (pbk.) | ||
| 040 | _cDLC | ||
| 082 | 0 | 0 | _a330 JOH 1986 A019 Or. |
| 100 | 1 | _aBonner, John. | |
| 245 | 1 | 0 | _aIntroduction to the theory of social choice / |
| 260 |
_aBaltimore, Md. : _bJohns Hopkins University Press, _c1986. |
||
| 300 |
_ax, 205 p. : _bill. ; _c22 cm. |
||
| 500 | _aIncludes index. | ||
| 650 | 0 | _aSocial choice. | |
| 650 | 0 | _aWelfare economics. | |
| 942 | _cEK | ||
| 999 |
_c12231 _d12231 |
||